[Event "Alicante IM"]
[Site "Alicante"]
[Date "2021.07.11"]
[Round "8"]
[White "Diaz Velandia, Jose Manuel"]
[Black "Nazarov, Alexander"]
[Result "1-0"]
[WhiteElo "2371"]
[BlackElo "1960"]
[PlyCount "61"]
[EventDate "2021.07.05"]
[EventType "tourn"]
[EventRounds "9"]
[EventCountry "ESP"]
[EventCategory "1"]
[SourceTitle "EXT 2022"]
[Source "ChessBase"]
[SourceDate "2021.10.06"]
[SourceVersion "1"]
[SourceVersionDate "2021.10.06"]
[SourceQuality "1"]

1. d4 e6 2. e4 d5 3. e5 c5 4. c3 Nc6 5. Nf3 Qb6 6. Bd3 Bd7 7. dxc5 Bxc5 8. 0-0 Qc7 9. Qe2 Nge7 10. Bf4 h6 11. Nbd2 g5 12. Bg3 Ng6 13. Nb3 Be7 14. Bxg6 fxg6 15. c4 dxc4 16. Qxc4 Rc8 17. Qe4 Kf7 18. h4 Nb4 19. hxg5 Qc2 20. Qd4 Bc6 21. Qf4+ Qf5 22. gxh6 Bxf3 23. gxf3 Nd5 24. Qg4 Rxh6 25. Rac1 Rch8 26. Nd4 Qh5 27. Qxe6+ Kg7 28. Kg2 Qg5 29. Qg4 Qxg4 30. fxg4 Bh4 31. Rh1 1-0

[Event "Alicante IM"]
[Site "Alicante"]
[Date "2021.07.10"]
[Round "6"]
[White "Diaz Velandia, Jose Manuel"]
[Black "Campos Gambuti, Luis Maria"]
[Result "1/2-1/2"]
[WhiteElo "2371"]
[BlackElo "2357"]
[PlyCount "88"]
[EventDate "2021.07.05"]
[EventType "tourn"]
[EventRounds "9"]
[EventCountry "ESP"]
[EventCategory "1"]
[SourceTitle "EXT 2022"]
[Source "ChessBase"]
[SourceDate "2021.10.06"]
[SourceVersion "1"]
[SourceVersionDate "2021.10.06"]
[SourceQuality "1"]

1. e4 c5 2. Nf3 Nc6 3. d4 cxd4 4. Nxd4 Nf6 5. Nc3 e6 6. Nxc6 bxc6 7. e5 Nd5 8. Ne4 Qc7 9. f4 Qb6 10. Qf3 f5 11. exf6 Nxf6 12. Nxf6+ gxf6 13. Qh5+ Kd8 14. Bd3 Ba6 15. Bxa6 Qxa6 16. Bd2 Bd6 17. Qf7 Kc7 18. Qxf6 Rhg8 19. g3 Raf8 20. Qc3 Rf5 21. Qd3 Qxd3 22. cxd3 e5 23. fxe5 Rxe5+ 24. Kd1 Rf8 25. Bc3 Re3 26. Kd2 Rff3 27. d4 Rd3+ 28. Kc2 Rde3 29. Rad1 h5 30. Rhe1 h4 31. Rxe3 Rxe3 32. Kd2 Re4 33. Kd3 Rg4 34. gxh4 Rxh4 35. Rg1 Rxh2 36. Rg6 Bf8 37. Rf6 Rh3+ 38. Kc4 Be7 39. Rf7 Kd8 40. Rg7 d5+ 41. Kb3 c5 42. Kc2 c4 43. Ba5+ Ke8 44. Bc3 Rh6 1/2-1/2

[Event "Alicante IM"]
[Site "Alicante"]
[Date "2021.07.10"]
[Round "7"]
[White "Giaccio, Alfredo Gustavo"]
[Black "Diaz Velandia, Jose Manuel"]
[Result "1-0"]
[WhiteElo "2361"]
[BlackElo "2371"]
[PlyCount "54"]
[EventDate "2021.07.05"]
[EventType "tourn"]
[EventRounds "9"]
[EventCountry "ESP"]
[EventCategory "1"]
[SourceTitle "EXT 2022"]
[Source "ChessBase"]
[SourceDate "2021.10.06"]
[SourceVersion "1"]
[SourceVersionDate "2021.10.06"]
[SourceQuality "1"]

1. e4 c5 2. Nf3 Nc6 3. d4 cxd4 4. Nxd4 e5 5. Nb5 d6 6. N1c3 a6 7. Na3 b5 8. Nd5 Nf6 9. Bg5 Be7 10. Bxf6 Bxf6 11. Nb1 Bg5 12. a4 b4 13. Nd2 0-0 14. Nc4 Be6 15. Ncb6 Ra7 16. a5 f5 17. exf5 Bxf5 18. Bc4 Kh8 19. 0-0 e4 20. Kh1 Ne5 21. Be2 b3 22. cxb3 Nd3 23. Bxd3 exd3 24. Nb4 Raf7 25. Nxd3 Be4 26. f3 Qf6 27. Nd7 Qd4 1-0

[Event "Alicante IM"]
[Site "Alicante"]
[Date "2021.07.08"]
[Round "4"]
[White "Diaz Velandia, Jose Manuel"]
[Black "Granero Roca, Antonio"]
[Result "1-0"]
[WhiteElo "2371"]
[BlackElo "2369"]
[PlyCount "55"]
[EventDate "2021.07.05"]
[EventType "tourn"]
[EventRounds "9"]
[EventCountry "ESP"]
[EventCategory "1"]
[SourceTitle "EXT 2022"]
[Source "ChessBase"]
[SourceDate "2021.10.06"]
[SourceVersion "1"]
[SourceVersionDate "2021.10.06"]
[SourceQuality "1"]

1. d4 Nf6 2. c4 g6 3. Nc3 Bg7 4. e4 d6 5. Nf3 0-0 6. h3 e5 7. dxe5 dxe5 8. Be3 c6 9. Qc2 Qe7 10. c5 Na6 11. Bxa6 bxa6 12. 0-0 Nh5 13. Rad1 Rb8 14. Rd6 Nf4 15. Rfd1 Qb7 16. R1d2 a5 17. a3 Qa6 18. Qa4 Bb7 19. Bxf4 exf4 20. e5 Bc8 21. Rxc6 Qb7 22. Rcd6 Qc7 23. Nd5 Qxc5 24. Rc2 Qb5 25. Qxb5 Rxb5 26. Ne7+ Kh8 27. Rxc8 Rxb2 28. Rdd8 1-0

[Event "La Nucia Blitz op"]
[Site "La Nucia"]
[Date "2020.10.31"]
[Round "7"]
[White "Anton Guijarro, David"]
[Black "Diaz Velandia, Jose Manuel"]
[Result "1-0"]
[WhiteElo "2590"]
[BlackElo "2381"]
[PlyCount "101"]
[EventDate "2020.10.31"]
[EventType "swiss (blitz)"]
[EventRounds "8"]
[EventCountry "ESP"]
[SourceTitle "EXT 2023"]
[Source "ChessBase"]
[SourceDate "2022.10.05"]
[SourceVersion "1"]
[SourceVersionDate "2022.10.05"]
[SourceQuality "1"]

1. Nf3 Nf6 2. b3 g6 3. Bb2 Bg7 4. g3 0-0 5. Bg2 d5 6. c4 c6 7. 0-0 b6 8. d3 Bb7 9. Nbd2 Nbd7 10. Qc2 Re8 11. e4 dxe4 12. dxe4 e5 13. Rfd1 Qc7 14. a3 Rad8 15. Nb1 h6 16. Nc3 g5 17. b4 Nf8 18. c5 bxc5 19. Rxd8 Rxd8 20. Na4 cxb4 21. Nc5 bxa3 22. Rxa3 Bc8 23. Nxe5 Re8 24. Ned3 Ne6 25. e5 Nxc5 26. Qxc5 Nd7 27. Qxc6 Qb6 28. Bd5 Qxc6 29. Bxc6 a6 30. f4 Rd8 31. Be4 Nb6 32. Bc3 Bf8 33. Ra1 Nd5 34. Ba5 Rd7 35. Bf5 gxf4 36. Bxd7 Bxd7 37. gxf4 Bb5 38. Rd1 Ne3 39. Rd2 Nc4 40. Rg2+ Kh7 41. Bb4 Ne3 42. Rg3 Nf5 43. Rh3 Bxb4 44. Nxb4 a5 45. Nd5 a4 46. Ra3 Nd4 47. Nc3 Bc6 48. Nxa4 Ne2+ 49. Kf2 Nxf4 50. Nc5 Kg6 51. Ra6 1-0

[Event "Cocentaina op 11th"]
[Site "Cocentaina"]
[Date "2020.10.25"]
[Round "7"]
[White "Diaz Velandia, Jose Manuel"]
[Black "Contin, Daniel"]
[Result "1-0"]
[WhiteElo "2401"]
[BlackElo "2292"]
[PlyCount "99"]
[EventDate "2020.10.25"]
[EventType "tourn (blitz)"]
[EventRounds "9"]
[EventCountry "ESP"]
[SourceTitle "EXT 2024"]
[Source "ChessBase"]
[SourceDate "2023.10.10"]
[SourceVersion "1"]
[SourceVersionDate "2023.10.10"]
[SourceQuality "1"]

1. d4 Nf6 2. Nf3 b6 3. e3 Bb7 4. Bd3 c5 5. c3 g6 6. Nbd2 Bg7 7. 0-0 0-0 8. e4 d6 9. Re1 Nbd7 10. Nf1 cxd4 11. cxd4 e5 12. Ng3 exd4 13. Nxd4 Ne5 14. Bc2 h5 15. Bg5 b5 16. Nxb5 Qb6 17. a4 Nfg4 18. Qe2 a6 19. Na3 Rac8 20. h3 Nf6 21. Be3 Qb4 22. Bd2 Qb6 23. a5 Qd8 24. Bc3 h4 25. Nf1 Nh5 26. Qd2 f5 27. exf5 gxf5 28. Rad1 Rxc3 29. bxc3 f4 30. Be4 Bxe4 31. Rxe4 Qg5 32. Kh1 Rf6 33. f3 Rg6 34. Qf2 Kh7 35. Nc4 Nxc4 36. Rxc4 Qxa5 37. Qxh4 Bf6 38. Qf2 d5 39. Rb4 Bxc3 40. Rb7+ Bg7 41. Qc2 d4 42. Rd7 Qg5 43. Qf2 a5 44. Ra7 Nf6 45. Rxd4 Ng4 46. fxg4 Qc5 47. Rxg7+ Rxg7 48. Qxf4 Qe7 49. Qf5+ Kh6 50. Qh5# 1-0

[Event "Cocentaina op 11th"]
[Site "Cocentaina"]
[Date "2020.10.25"]
[Round "1.5"]
[White "Diaz Velandia, Jose Manuel"]
[Black "Fenollar Jorda, Manuel"]
[Result "1-0"]
[WhiteElo "2401"]
[BlackElo "2274"]
[PlyCount "39"]
[EventDate "2020.10.25"]
[EventType "tourn (blitz)"]
[EventRounds "9"]
[EventCountry "ESP"]
[SourceTitle "EXT 2024"]
[Source "ChessBase"]
[SourceDate "2023.10.10"]
[SourceVersion "1"]
[SourceVersionDate "2023.10.10"]
[SourceQuality "1"]

1. f4 d5 2. Nf3 c5 3. e3 Nf6 4. b3 g6 5. Bb2 Bg7 6. Be2 0-0 7. 0-0 Nc6 8. Ne5 Nxe5 9. Bxe5 Nd7 10. Bxg7 Kxg7 11. Bf3 Nf6 12. d3 Re8 13. Nd2 e5 14. fxe5 Rxe5 15. e4 Be6 16. Kh1 dxe4 17. Nxe4 Nxe4 18. Bxe4 Bd5 19. Qf3 Qd7 20. Qf6+ 1-0

[Event "Cocentaina op 11th"]
[Site "Cocentaina"]
[Date "2020.10.25"]
[Round "8"]
[White "Granero Roca, Antonio"]
[Black "Diaz Velandia, Jose Manuel"]
[Result "1/2-1/2"]
[WhiteElo "2375"]
[BlackElo "2401"]
[PlyCount "164"]
[EventDate "2020.10.25"]
[EventType "tourn (blitz)"]
[EventRounds "9"]
[EventCountry "ESP"]
[SourceTitle "EXT 2024"]
[Source "ChessBase"]
[SourceDate "2023.10.10"]
[SourceVersion "1"]
[SourceVersionDate "2023.10.10"]
[SourceQuality "1"]

1. d4 e5 2. dxe5 Nc6 3. Nf3 Qe7 4. Nc3 Nxe5 5. Nd5 Nxf3+ 6. gxf3 Qd8 7. Rg1 c6 8. Nc3 d5 9. Bf4 Nf6 10. Qd4 Be6 11. 0-0-0 Qb6 12. Be5 Qxd4 13. Bxd4 Nd7 14. e4 dxe4 15. Nxe4 f6 16. Bd3 Kf7 17. f4 Nb6 18. f5 Bd5 19. Nc3 Rd8 20. Bxb6 axb6 21. Nxd5 cxd5 22. Bc4 Bc5 23. Bxd5+ Kf8 24. Rg2 Bd6 25. c4 Rc8 26. Kc2 b5 27. Be6 Rc6 28. b3 bxc4 29. bxc4 g6 30. Kb3 Ke7 31. Re1 Rb6+ 32. Kc2 Ra8 33. c5 Bxc5 34. Bb3+ Kf8 35. fxg6 hxg6 36. Rxg6 Rxb3 37. Kxb3 Kf7 38. Rg2 Ra3+ 39. Kb2 Rf3 40. Re2 Bd4+ 41. Kc2 Ra3 42. Kb1 Rh3 43. Rc2 Be5 44. Kc1 b5 45. Kd1 b4 46. Ke2 Bxh2 47. Rc4 Bd6 48. Rd4 Bc5 49. Rd3 Rh1 50. Rd2 Ke6 51. Rc2 Bd6 52. Rg4 Kf5 53. Rd4 Bf8 54. Rd8 Be7 55. Rd7 Bf8 56. Rc8 Bh6 57. Rh8 Kg6 58. Rdh7 Rh3 59. Kf1 Rh5 60. f3 Rh2 61. Kg1 Rh5 62. Kf1 Rh2 63. f4 f5 64. Kg1 Rh4 65. Kg2 Rg4+ 66. Kh3 Bg7 67. Rxg7+ Kxg7 68. Rh4 Rg1 69. Kh2 Ra1 70. Rh5 Rxa2+ 71. Kh3 Kg6 72. Rg5+ Kf6 73. Rh5 Ke6 74. Rh6+ Kd5 75. Rb6 Rb2 76. Kh4 Ke4 77. Kg5 Rg2+ 78. Kf6 Rb2 79. Kg5 Rg2+ 80. Kf6 Rb2 81. Kg5 Rg2+ 82. Kf6 Kd4 1/2-1/2

[Event "Cocentaina op 11th"]
[Site "Cocentaina"]
[Date "2020.10.25"]
[Round "6"]
[White "Lopez Shchukina, Diego"]
[Black "Diaz Velandia, Jose Manuel"]
[Result "0-1"]
[WhiteElo "1792"]
[BlackElo "2401"]
[PlyCount "55"]
[EventDate "2020.10.25"]
[EventType "tourn (blitz)"]
[EventRounds "9"]
[EventCountry "ESP"]
[SourceTitle "EXT 2024"]
[Source "ChessBase"]
[SourceDate "2023.10.10"]
[SourceVersion "1"]
[SourceVersionDate "2023.10.10"]
[SourceQuality "1"]

1. d4 f5 2. Nc3 Nf6 3. Bg5 e6 4. e4 fxe4 5. Nxe4 Be7 6. Nxf6+ Bxf6 7. h4 Qe7 8. Qd2 Nc6 9. Nf3 d6 10. 0-0-0 Bd7 11. Bc4 0-0-0 12. Rhe1 e5 13. dxe5 dxe5 14. Qe3 Kb8 15. Bd5 h6 16. Bxf6 gxf6 17. Qb3 Qc5 18. Re3 Na5 19. Qc3 Qb6 20. b4 Nc6 21. a3 a5 22. Bxc6 Bxc6 23. Nd2 axb4 24. axb4 Bxg2 25. Qa3 Rd4 26. c3 Rd7 27. Kb2 Rhd8 28. Re2 0-1

[Event "Mutxamel 1st"]
[Site "Mutxamel"]
[Date "2019.09.20"]
[Round "8"]
[White "Andreev, Stanislav"]
[Black "Diaz Velandia, Jose Manuel"]
[Result "0-1"]
[WhiteElo "2165"]
[BlackElo "2372"]
[PlyCount "54"]
[EventDate "2019.09.16"]
[EventType "tourn"]
[EventRounds "9"]
[EventCountry "ESP"]
[SourceTitle "EXT 2020"]
[Source "ChessBase"]
[SourceDate "2019.10.17"]
[SourceVersion "1"]
[SourceVersionDate "2019.10.17"]
[SourceQuality "1"]

1. d4 Nf6 2. c4 d6 3. Nc3 g6 4. e4 Bg7 5. f3 Nbd7 6. Be3 c5 7. Nh3 cxd4 8. Bxd4 0-0 9. Be2 Nb8 10. Nf2 Nc6 11. Be3 Qa5 12. 0-0 Nd7 13. Qd2 Bxc3 14. bxc3 Nb6 15. Bh6 Re8 16. f4 Qc5 17. f5 Nxc4 18. Qg5 N4e5 19. Kh1 Qxc3 20. Nh3 f6 21. Qh4 Nd4 22. Nf4 Nxe2 23. Nd5 Qc4 24. Rf2 Bxf5 25. Rxe2 Qxe2 26. Nxf6+ Kf7 27. Re1 Nf3 0-1

[Event "Quart Poblet op 2nd Blitz"]
[Site "Quart de Poblet"]
[Date "2019.08.10"]
[Round "2.4"]
[White "Hassomal Daswani, Birjkumar"]
[Black "Diaz Velandia, Jose Manuel"]
[Result "0-1"]
[WhiteElo "1971"]
[BlackElo "2377"]
[PlyCount "52"]
[EventDate "2019.08.10"]
[EventType "swiss (blitz)"]
[EventRounds "9"]
[EventCountry "ESP"]
[SourceTitle "EXT 2024"]
[Source "ChessBase"]
[SourceDate "2023.10.10"]
[SourceVersion "1"]
[SourceVersionDate "2023.10.10"]
[SourceQuality "1"]

1. e4 c5 2. Nc3 b6 3. f4 Bb7 4. Nf3 Nf6 5. d3 g6 6. Be2 Bg7 7. 0-0 0-0 8. Kh1 d6 9. Bd2 Nc6 10. Qe1 Nd4 11. Nxd4 cxd4 12. Nd1 Nd7 13. c4 f5 14. exf5 gxf5 15. Bf3 Bxf3 16. Rxf3 e5 17. Rh3 Qf6 18. Nf2 Rae8 19. Qd1 e4 20. Bb4 e3 21. Qh5 Qg6 22. Qxg6 hxg6 23. Nd1 Nc5 24. Kg1 Nxd3 25. Bxd6 e2 26. Ne3 Rxe3 0-1

[Event "Quart Poblet op 2nd Blitz"]
[Site "Quart de Poblet"]
[Date "2019.08.10"]
[Round "8.6"]
[White "Redondo Flores, David"]
[Black "Diaz Velandia, Jose Manuel"]
[Result "0-1"]
[WhiteElo "2009"]
[BlackElo "2377"]
[PlyCount "130"]
[EventDate "2019.08.10"]
[EventType "swiss (blitz)"]
[EventRounds "9"]
[EventCountry "ESP"]
[SourceTitle "EXT 2024"]
[Source "ChessBase"]
[SourceDate "2023.10.10"]
[SourceVersion "1"]
[SourceVersionDate "2023.10.10"]
[SourceQuality "1"]

1. e4 c6 2. d4 d5 3. f3 dxe4 4. fxe4 e5 5. Nf3 Bg4 6. Bc4 f6 7. c3 Bxf3 8. gxf3 exd4 9. cxd4 Bb4+ 10. Nc3 Ne7 11. Qb3 Ba5 12. Bf7+ Kf8 13. Be3 Qb6 14. 0-0-0 Qxb3 15. Bxb3 Nd7 16. d5 Bb6 17. Bxb6 Nxb6 18. d6 Ng6 19. Be6 Rd8 20. Ne2 Nc8 21. Bxc8 Rxc8 22. f4 Kf7 23. Rhf1 Rcd8 24. e5 Rhe8 25. Nd4 Kg8 26. exf6 Rxd6 27. f5 Ne5 28. fxg7 Rh6 29. Ne6 Rxh2 30. f6 Nf7 31. Rde1 Rh6 32. Kd1 Rg6 33. Nc7 Rxe1+ 34. Kxe1 h5 35. Ne6 h4 36. Nd4 h3 37. Rf2 h2 38. Rxh2 Rxf6 39. Rg2 Ne5 40. Kd2 c5 41. Nb5 a6 42. Nc3 Rd6+ 43. Ke2 Nc4 44. b3 Rd2+ 45. Kf3 Ne5+ 46. Kg3 Rxg2+ 47. Kxg2 Kxg7 48. Na4 Nd7 49. Kf3 Kf6 50. Ke4 Ke6 51. Nc3 Nf6+ 52. Kf4 Nd5+ 53. Nxd5 Kxd5 54. Ke3 c4 55. Kd2 Kd4 56. Kc2 b6 57. bxc4 Kxc4 58. Kb2 Kb4 59. a3+ Kc4 60. Kc2 b5 61. Kb2 a5 62. Kc2 a4 63. Kb2 Kd3 64. Kb1 Kc3 65. Ka2 Kc2 0-1

[Event "Quart de Poblet op 6th"]
[Site "Quart de Poblet"]
[Date "2018.08.30"]
[Round "4"]
[White "Diaz Velandia, Jose Manuel"]
[Black "Martinez Villena, David"]
[Result "1-0"]
[WhiteElo "2359"]
[BlackElo "1983"]
[PlyCount "91"]
[EventDate "2018.08.27"]
[EventType "swiss"]
[EventRounds "9"]
[EventCountry "ESP"]
[SourceTitle "EXT 2024"]
[Source "ChessBase"]
[SourceDate "2023.10.10"]
[SourceVersion "1"]
[SourceVersionDate "2023.10.10"]
[SourceQuality "1"]

1. d4 c5 2. e3 cxd4 3. exd4 d5 4. c3 Nc6 5. Bd3 Nf6 6. Bg5 Qb6 7. Qe2 Be6 8. Na3 g6 9. Nf3 Bg7 10. 0-0 a6 11. Rab1 0-0 12. Nd2 Rfe8 13. Rfe1 Qc7 14. Bh4 Nh5 15. Bg3 Nxg3 16. hxg3 b5 17. b4 Bd7 18. f4 f6 19. Qf3 Qd6 20. f5 Bxf5 21. Bxf5 gxf5 22. Qxf5 e5 23. Nc2 Ne7 24. Qh5 Rec8 25. Re3 Qd7 26. Rf1 Ng6 27. Nb3 Qc6 28. Nc5 a5 29. bxa5 Qd6 30. Nb3 Rc4 31. Kh2 Rac8 32. Re2 Rxc3 33. Ne3 Ne7 34. Qg4 f5 35. Nxf5 Nxf5 36. Rxf5 Qh6+ 37. Rh5 Qg6 38. Qxg6 hxg6 39. Rg5 e4 40. Rxd5 Rc2 41. Rxe4 Rxa2 42. Rc5 Rxc5 43. dxc5 Ra3 44. c6 Rxb3 45. c7 Rc3 46. Re8+ 1-0

[Event "Sueca op 4th"]
[Site "Sueca"]
[Date "2018.07.26"]
[Round "5"]
[White "Diaz Velandia, Jose Manuel"]
[Black "Silva Rodriguez, Fernando"]
[Result "1-0"]
[WhiteElo "2359"]
[BlackElo "2210"]
[PlyCount "131"]
[EventDate "2018.07.23"]
[EventType "swiss"]
[EventRounds "8"]
[EventCountry "ESP"]
[SourceTitle "CBM 185 Extra"]
[Source "ChessBase"]
[SourceDate "2018.07.29"]
[SourceVersion "1"]
[SourceVersionDate "2018.07.29"]
[SourceQuality "1"]

1. b3 e5 2. g3 d5 3. Bg2 c5 4. Bb2 Nc6 5. c4 d4 6. d3 Bd6 7. Nd2 Nf6 8. a3 0-0 9. e4 a6 10. Ne2 b5 11. 0-0 Rb8 12. Bc1 Bd7 13. h3 Qc8 14. Kh2 Ne8 15. f4 exf4 16. gxf4 f6 17. Rf3 Qc7 18. Kh1 g6 19. Rf2 Ng7 20. Kg1 Ne6 21. Nf1 g5 22. f5 Ng7 23. Kh1 Ne5 24. Ng1 h6 25. Nf3 Nf7 26. N3h2 Ne5 27. Ng4 Kh7 28. Nxe5 Bxe5 29. Bf3 Be8 30. Nh2 Bd6 31. Rg2 Rh8 32. Kg1 Kg8 33. Nf1 Kf8 34. Bd2 h5 35. Rc1 Bf7 36. Be1 h4 37. cxb5 Rxb5 38. b4 Nh5 39. Bxh5 Bxh5 40. Qa4 Be8 41. Qxa6 Rb6 42. Qa5 Rc6 43. Qxc7 Rxc7 44. bxc5 Rxc5 45. Ra1 Bb5 46. Bb4 Rc6 47. Rd2 Ke7 48. Bxd6+ Kxd6 49. a4 Ra6 50. Rb1 Bc6 51. Nh2 Rxa4 52. Ng4 Ke7 53. Rb6 Bd7 54. Nxf6 Ra1+ 55. Kf2 Rc8 56. Nd5+ Ke8 57. Rb7 Ba4 58. Nc7+ Kd7 59. Ne6+ Kd6 60. Nxd4 Ke5 61. Ke3 Rh1 62. Nf3+ Kd6 63. Nxg5 Rg8 64. Rb6+ Ke7 65. f6+ Kd7 66. f7 1-0

[Event "Manises 5th"]
[Site "Manises"]
[Date "2018.01.07"]
[Round "9"]
[White "Galvan, Jesus"]
[Black "Diaz Velandia, Jose Manuel"]
[Result "0-1"]
[WhiteElo "2223"]
[BlackElo "2356"]
[PlyCount "67"]
[EventDate "2018.01.02"]
[EventType "tourn"]
[EventRounds "9"]
[EventCountry "ESP"]
[SourceTitle "EXT 2024"]
[Source "ChessBase"]
[SourceDate "2023.10.10"]
[SourceVersion "1"]
[SourceVersionDate "2023.10.10"]
[SourceQuality "1"]

1. e4 c5 2. Nf3 e6 3. d4 cxd4 4. Nxd4 a6 5. Bd3 Nf6 6. 0-0 Qc7 7. c4 d6 8. Nc3 Be7 9. Kh1 Nbd7 10. Qe2 Ne5 11. f4 Nxd3 12. Qxd3 Bd7 13. b3 0-0 14. Bb2 Rad8 15. Rae1 Ne8 16. Nf5 Bf6 17. Ne3 Qc5 18. e5 Be7 19. Ne4 Qc7 20. exd6 Nxd6 21. Qc3 f6 22. Ng5 h6 23. Nf3 Ne4 24. Qc2 f5 25. Ne5 Be8 26. Rd1 Bc5 27. Qe2 Qe7 28. Rxd8 Qxd8 29. Nd3 Ba7 30. Rd1 Qh4 31. Qe1 Qh5 32. c5 Bb5 33. Bd4 Rd8 34. Nc2 0-1

[Event "Manises 5th"]
[Site "Manises"]
[Date "2018.01.05"]
[Round "7"]
[White "Serafimov, Tervel"]
[Black "Diaz Velandia, Jose Manuel"]
[Result "0-1"]
[WhiteElo "2375"]
[BlackElo "2356"]
[PlyCount "82"]
[EventDate "2018.01.02"]
[EventType "tourn"]
[EventRounds "9"]
[EventCountry "ESP"]
[SourceTitle "EXT 2024"]
[Source "ChessBase"]
[SourceDate "2023.10.10"]
[SourceVersion "1"]
[SourceVersionDate "2023.10.10"]
[SourceQuality "1"]

1. Nf3 c5 2. c4 Nc6 3. Nc3 g6 4. g3 Bg7 5. Bg2 d6 6. 0-0 e5 7. Ne1 Be6 8. Nd5 Nge7 9. a3 0-0 10. d3 Qd7 11. Rb1 Bh3 12. Nxe7+ Nxe7 13. b4 Bxg2 14. Nxg2 b6 15. Bd2 Rac8 16. a4 Rfd8 17. e4 Rf8 18. b5 f5 19. Bg5 Bf6 20. Bh6 Rf7 21. Qd2 Kh8 22. f3 Rg8 23. Bg5 Qe6 24. Bxf6+ Rxf6 25. Ne3 g5 26. Nd5 Nxd5 27. exd5 Qf7 28. Rf2 h5 29. a5 f4 30. Rbf1 Qd7 31. Rg2 fxg3 32. Rxg3 Rf4 33. axb6 axb6 34. Kh1 Qf5 35. Rfg1 Kh7 36. Qe2 Kh6 37. Qe3 Rg7 38. R1g2 Rg6 39. Rg1 h4 40. Rg4 Rxf3 41. Rxg5 Qxg5 0-1

[Event "Manises 5th"]
[Site "Manises"]
[Date "2018.01.03"]
[Round "3"]
[White "Insa Alfonso, Pablo"]
[Black "Diaz Velandia, Jose Manuel"]
[Result "0-1"]
[WhiteElo "2245"]
[BlackElo "2356"]
[PlyCount "134"]
[EventDate "2018.01.02"]
[EventType "tourn"]
[EventRounds "9"]
[EventCountry "ESP"]
[SourceTitle "EXT 2024"]
[Source "ChessBase"]
[SourceDate "2023.10.10"]
[SourceVersion "1"]
[SourceVersionDate "2023.10.10"]
[SourceQuality "1"]

1. e4 c5 2. Nf3 e6 3. d4 cxd4 4. Nxd4 a6 5. Nc3 Qc7 6. Bd3 Nf6 7. 0-0 d6 8. Bg5 Be7 9. Kh1 Nbd7 10. f4 h6 11. Bh4 Nc5 12. f5 Bd7 13. fxe6 fxe6 14. e5 dxe5 15. Bg6+ Kd8 16. Bg3 Bd6 17. Nb3 Nxb3 18. cxb3 Ke7 19. Ne4 Bc6 20. Nxd6 Qxd6 21. Qe1 Rad8 22. Bxe5 Qd2 23. Qg3 Qg5 24. Rad1 Qxg3 25. Bxg3 Be4 26. Rxd8 Rxd8 27. Bxe4 Nxe4 28. Be5 g5 29. Kg1 Rd5 30. Bg7 h5 31. Re1 Nd6 32. Bc3 Nf7 33. Bb4+ Kf6 34. Rf1+ Kg7 35. Rc1 Rd7 36. Kf2 e5 37. Ke3 Kf6 38. Rc8 Kf5 39. Re8 g4 40. Bc3 h4 41. Rg8 Ng5 42. Bxe5 Re7 43. Kd4 Ne6+ 44. Kd5 Rd7+ 45. Bd6 Nf4+ 46. Kc5 Nxg2 47. Rf8+ Ke4 48. Rf2 Ne3 49. Rf4+ Kd3 50. Rd4+ Ke2 51. Re4 Kf3 52. Rf4+ Kg2 53. Bb8 Rd5+ 54. Kb6 Rd8 55. Bc7 Nd5+ 56. Kxb7 Nxf4 57. Bxd8 h3 58. Bc7 Kxh2 59. Bxf4+ Kg2 60. Kxa6 g3 61. Bxg3 Kxg3 62. a4 h2 63. a5 h1Q 64. Kb6 Qh6+ 65. Kb7 Qg7+ 66. Ka8 Qf8+ 67. Ka7 Qc5+ 0-1

[Event "Sueca op 3rd"]
[Site "Sueca"]
[Date "2017.07.28"]
[Round "6"]
[White "Insa Alfonso, Pablo"]
[Black "Diaz Velandia, Jose Manuel"]
[Result "0-1"]
[WhiteElo "2228"]
[BlackElo "2345"]
[PlyCount "104"]
[EventDate "2017.07.24"]
[EventType "swiss"]
[EventRounds "8"]
[EventCountry "ESP"]
[SourceTitle "CBM 179 Extra"]
[Source "ChessBase"]
[SourceDate "2017.08.23"]
[SourceVersion "1"]
[SourceVersionDate "2017.08.23"]
[SourceQuality "1"]

1. e4 g6 2. d4 Bg7 3. Nc3 d5 4. exd5 Nf6 5. Nf3 0-0 6. Be2 Nxd5 7. Nxd5 Qxd5 8. Be3 c6 9. Qd2 Bf5 10. c4 Qd6 11. Bf4 Qd8 12. 0-0 Na6 13. Rad1 Re8 14. Rfe1 Nc7 15. Bh6 Bh8 16. Qf4 Ne6 17. Qe3 Qb6 18. h3 Nf8 19. g4 Bd7 20. c5 Qc7 21. Bf4 Qc8 22. Be5 f6 23. Bg3 Be6 24. b3 Bd5 25. Bc4 Qd7 26. Nh4 Rad8 27. Ng2 Bg7 28. Nf4 Bxc4 29. bxc4 e5 30. dxe5 Qxd1 31. Rxd1 Rxd1+ 32. Kg2 fxe5 33. Ne2 e4 34. Bf4 Rd3 35. Qc1 Ne6 36. Be3 Rd7 37. Qb1 Nd8 38. Nf4 Nf7 39. h4 Ree7 40. a4 Ne5 41. g5 Nd3 42. a5 a6 43. Qh1 Bd4 44. Qh3 Ne1+ 45. Kg3 Be5 46. h5 Nd3 47. hxg6 Nxf4 48. gxh7+ Rxh7 49. Qf5 Ng6+ 50. f4 exf3+ 51. Kg4 Rh4+ 52. Kxf3 Rf7 0-1

[Event "Sueca op 3rd"]
[Site "Sueca"]
[Date "2017.07.27"]
[Round "4"]
[White "Diaz Velandia, Jose Manuel"]
[Black "Fos Santacreu, Juan Andres"]
[Result "1-0"]
[WhiteElo "2345"]
[BlackElo "2173"]
[PlyCount "191"]
[EventDate "2017.07.24"]
[EventType "swiss"]
[EventRounds "8"]
[EventCountry "ESP"]
[SourceTitle "CBM 179 Extra"]
[Source "ChessBase"]
[SourceDate "2017.08.23"]
[SourceVersion "1"]
[SourceVersionDate "2017.08.23"]
[SourceQuality "1"]

1. d4 d5 2. Nf3 Nf6 3. e3 c6 4. Ne5 Nbd7 5. f4 Nxe5 6. fxe5 Bg4 7. Be2 Bxe2 8. Qxe2 Ne4 9. 0-0 g6 10. Nc3 Nxc3 11. bxc3 Bg7 12. Rb1 Qd7 13. c4 b6 14. cxd5 cxd5 15. c4 0-0 16. Ba3 f6 17. exf6 Bxf6 18. Rb5 dxc4 19. Qxc4+ Kg7 20. Qd5 Qxd5 21. Rxd5 Rfd8 22. Rxd8 Rxd8 23. Rc1 Rd7 24. Bb2 Kf7 25. Kf1 Rd5 26. Rc2 Ke6 27. Ke2 Kd7 28. Kd3 Ra5 29. Bc3 Ra4 30. e4 e6 31. Rf2 Ke7 32. Rb2 Ke8 33. Rc2 Be7 34. Rb2 Ba3 35. Rf2 Be7 36. h3 b5 37. d5 exd5 38. exd5 Bd6 39. Bd4 a6 40. Rc2 Kd7 41. Rf2 Ke8 42. Re2+ Kd7 43. Rf2 Ke8 44. Re2+ Kd7 45. Rf2 Bg3 46. Rf6 Rxa2 47. Bc5 Rxg2 48. Rxa6 Bc7 49. Rf6 Rg3+ 50. Ke4 Rxh3 51. Rf7+ Kc8 52. d6 Bxd6 53. Bxd6 b4 54. Kd5 Kd8 55. Kc6 Re3 56. Bxb4 h5 57. Rg7 Ke8 58. Rxg6 Kf7 59. Rh6 Re5 60. Rh8 Kg6 61. Kd6 Re4 62. Bc3 Kg5 63. Kd5 Re2 64. Ba5 Kg4 65. Bd8 Rd2+ 66. Ke4 Re2+ 67. Kd3 Re6 68. Rg8+ Kf3 69. Rf8+ Kg4 70. Rh8 Re1 71. Bb6 Re6 72. Bf2 Kf3 73. Bd4 Kg4 74. Be3 Ra6 75. Bf2 Re6 76. Kd2 Re5 77. Bd4 Re6 78. Be3 Ra6 79. Ke2 Ra2+ 80. Bd2 h4 81. Rg8+ Kh3 82. Ke1 Ra1+ 83. Kf2 Ra2 84. Rd8 Kh2 85. Kf3 Kh3 86. Be3 Ra1 87. Rd4 Rb1 88. Bf2 Rb3+ 89. Ke2 Kg2 90. Rg4+ Kh3 91. Rxh4+ Kg2 92. Rg4+ Kh2 93. Rg6 Ra3 94. Be3 Kh3 95. Kf3 Kh4 96. Rh6# 1-0